| 000 | 00533cam a2200205ua 4500 | ||
|---|---|---|---|
| 001 | 6800 | ||
| 008 | 140311n ii |||gr||||Z||||||eng | ||
| 020 | _a0-07-060502-5 | ||
| 040 | _cMAIN | ||
| 082 | _a512 | ||
| 245 |
_aLinear algebra _cBy Seymour lipschutz |
||
| 250 | _a3rd ed. | ||
| 260 |
_aNew delhi: _bTata McGraw-hill publishing company limited, _c2007. |
||
| 300 | _aviii,421p. | ||
| 653 | _aAlgebra | ||
| 653 | _aLinear algebra | ||
| 700 |
_aLipschutz,Seymour, _eAuthor., |
||
| 700 |
_aLipson,Marc, _eAuthor. |
||
| 942 | _cBK | ||
| 999 |
_c5948 _d5948 |
||